000 00289nam a2200097Ia 4500
008 230915s9999 xx 000 0 und d
050 _aQD76.9.D348 T65 1996
100 _aJON WILLIAM TOIGO
245 0 _aDISASTER RECOVERY PLANNING: FOR COMPUTERS AND COMMUNICATION RESOURCES
942 _cBK
999 _c190284
_d190284